000 004690000a22001810004500
003 MACL
005 20150804152044.0
008 150804b xxu||||| |||| 00| 0 eng d
040 _aMACL
_cMACL
041 _aEnglish
082 _a370/GUP
100 _aGupta, Asha
_94616
245 _aEducation in The 21st Century
_bLooking Beyond University
260 _bShipra Publication
_c2008
_aDelhi
350 _a750
650 _aEducation
_94650
942 _cBK
_k370/GUP
_2ddc
999 _c41860
_d41860